Macroeconomía (Registro nro. 5080)

Detalles MARC
000 -LEADER
fixed length control field 01398 a2200253 4500
001 - CONTROL NUMBER
control field 53096
005 - DATE AND TIME OF LATEST TRANSACTION
control field 20260407155804.0
008 - FIXED-LENGTH DATA ELEMENTS--GENERAL INFORMATION
fixed length control field 260407a1991 arg spa d
003 - CONTROL NUMBER IDENTIFIER
control field AR-UNSa-BCEJYS
040 ## - CATALOGING SOURCE
Original cataloging agency AR-UNSa-BCEJYS
Language of cataloging spa
Transcribing agency AR-UNSa-BCEJYS
080 ## - UNIVERSAL DECIMAL CLASSIFICATION NUMBER
Universal Decimal Classification number 330.101.541
Common auxiliary subdivision Macroeconomía
020 ## - INTERNATIONAL STANDARD BOOK NUMBER
International Standard Book Number 950-557-121-6
041 ## - LANGUAGE CODE
Language code of text/sound track or separate title spa
100 1# - MAIN ENTRY--PERSONAL NAME
Personal name De Pablo, Juan Carlos
245 10 - TITLE STATEMENT
Title Macroeconomía
264 #1 - PRODUCTION, PUBLICATION, DISTRIBUTION, MANUFACTURE, AND COPYRIGHT NOTICE
Place of production, publication, distribution, manufacture México :
Name of producer, publisher, distributor, manufacturer Fondo de Cultura Económica
Date of production, publication, distribution, manufacture, or copyright notice 1991
300 ## - PHYSICAL DESCRIPTION
Extent 898 p.
Dimensions 23 cm.
505 ## - FORMATTED CONTENTS NOTE
Formatted contents note Primera parte:Introducción - 1. Nociones y relaciones básicas - 2. Sintonía fina - 3. Indicadores macroeconómicos básicos - Segunda parte: La macroeconmía convencional - 1. El modelo clásico - 2. Las modificaciones keynesianas - 3. Las extensiones convencionales - 4.Sintesís de la macroeconomía convencional - Tercera parte: Extensiones más recientes - 1. Características estructurales de los modelos de la macroeconomía convencional - 3. Economía abierta - 4. Dinero pasivo - 5. Inflación - 6. Otros rumbos - 7. La macroeconomía luego de las extensiones más recientes - Cuarta parte:Macroeconomía y política económica
590 ## - LOCAL NOTE (RLIN)
Local note niveau_biblio:m niveau_hierar:0
700 1# - ADDED ENTRY--PERSONAL NAME
Personal name Leone, Alfredo Mario
700 1# - ADDED ENTRY--PERSONAL NAME
Personal name Martinez, Alfonso José
856 41 - ELECTRONIC LOCATION AND ACCESS
Uniform Resource Identifier <a href="https://www.biblioeco.unsa.edu.ar/pmb/images/libros/L128404.jpg">https://www.biblioeco.unsa.edu.ar/pmb/images/libros/L128404.jpg</a>
Link text Imagen de portada
Electronic format type image/jpeg
942 ## - ADDED ENTRY ELEMENTS (KOHA)
Koha item type
Existencias
Withdrawn status Lost status Damaged status Not for loan Home library Current library Shelving location Date acquired Total checkouts Full call number Barcode Date last seen Price effective from Koha item type
        Biblioteca Prof. Eusebio Cleto del Rey Biblioteca Prof. Eusebio Cleto del Rey   07/04/2026   330.101.541 D278 L128404 07/04/2026 07/04/2026 Libro